Countries That Start with B (with a map) - Statistics

General Stats
  • This quiz has been taken 2,075 times
  • The average score is 14 of 17
Answers on the Map
Answers color-coded by a green-red scale on the quiz's map according to % correct below.
 
Answer Stats
Country % Correct
391.0 91.0 Belgium
90%
236.0 319.0 Bolivia
90%
266 294 Brazil
88%
435.0 336.1 Botswana
86%
209.0 180.9 Bahamas
85%
246.5 217.0 Barbados
85%
180.9 203.6 Belize
84%
443.4 81.2 Belarus
82%
584.1 169.4 Bhutan
82%
583.0 181.8 Bangladesh
81%
421.0 113.0 Bosnia & Herzegovina
81%
638.6 246.1 Brunei
81%
437.8 117.9 Bulgaria
81%
385.7 225.0 Benin
80%
494.3 174.0 Bahrain
79%
447.8 272.6 Burundi
79%
377.0 219.0 Burkina Faso
70%
No matching quizzes found
Score Distribution
Percent of People with Each Score
Percentile by Number Answered
Your Score History
You have not taken this quiz